000 01289cam a2200325 a 4500
001 2860
005 20250909110319.0
020 _a9780545493383
040 _aDLC
_cDLC
_dBTCTA
_dTEF
_dVP@
_dYDXCP
_dUBY
_dEHH
_dDLC
_beng
050 0 0 _aN6888.A5
_b 2009
082 0 0 _a709.2
100 1 _aWing, Natasha
245 1 3 _aAn eye for color :
_bthe story of Josef Albers /
_cNatasha Wing ; art by Julia Breckenreid
250 _aPrinted in the U.S.A
260 _aNew York :
_bScholastic ,
_c2009
300 _a31 unnumbered pages :
_bcolor illustrations ;
_c26 cm.
500 _a"The artist used gouache on Arches Cover to create the illustrations..."
505 _aQ
520 _aThe painter Joseph Albers saw art in simple things. Late in his career, he began painting squares of solid, unmixed color, one within another to study the colors and their interactions.
521 _a680
_bLexile
521 _aQ
_bRaz-Plus
650 0 _aArtists
_zGermany
_vBiography
_vJuvenile literature.
650 0 _aColor in art
_vJuvenile literature.
650 1 _aArtists
_zGermany
_vBiography.
650 1 _aColor in art.
655 0 _aPicture books for children.
700 1 _aBreckenreid, Julia
_eillustrator
906 _a7
_bcbc
_corignew
_d1
_eecip
_f20
_gy-gencatlg
942 _2ddc
_cBK
_n0
999 _c2860
_d2860